000 00421pab a2200181 454500
008 180718b2005 xxu||||| |||| 00| 0 eng d
100 _aGautam, Harender Raj
245 _aWater crisis and rain water harvesting
260 _c2005
300 _ap.3-4.
362 _aSep
650 _aGroundwater
650 _aHarvesting
650 _aRain
700 _aRohitashw Kumar
773 _aKurukshetra
909 _a66839
999 _c66839
_d66839